Optimality in nonlinear programing: a feasible directions approach

Đã lưu trong:
Chi tiết về thư mục
Những tác giả chính: Ben-Israel, Adi (Tác giả), Ben-Tal, A (Tác giả), Zlobec, S (Tác giả)
Định dạng: Sách
Ngôn ngữ:Tiếng Anh
Được phát hành: Nueva York John Wiley and Sons 1981
Loạt:Pure and Applied Masthematics
Những chủ đề:
Các nhãn: Thêm thẻ
Không có thẻ, Là người đầu tiên thẻ bản ghi này!

MARC

LEADER 00000nam a2200000 a 4500
001 UCP2251
003 CL-VaPUC
008 990507e19810000US |||||||||||||||||eng|d
082 0 4 |a 519.76  |b BEN  |2 21 
100 0 |a Ben-Israel, Adi  |e author  |9 428834 
700 0 |a Ben-Tal, A  |e author  |9 428835 
700 0 |a Zlobec, S  |e author  |9 428836 
245 1 0 |a Optimality in nonlinear programing: a feasible directions approach 
300 |a 144 p 
942 |c BK 
945 |d 19990507 00:00:00  |a crobeson 
260 |a Nueva York  |b John Wiley and Sons  |c 1981 
650 7 |a PROGAMACION NO LINEAL  |2 CL-VaPUC  |9 417655 
650 0 |a Optimización matemática  |9 259780 
650 7 |a PROGRAMACION CONVEXA  |2 CL-VaPUC  |9 425350 
650 7 |a PROGRAMACION NO CONVEXA  |2 CL-VaPUC  |9 428837 
583 |a last modification  |c 20111003 04:32:51  |k Rodrigo Vera 
490 0 |a Pure and Applied Masthematics 
999 |c 280810  |d 280808 
952 |0 0  |1 0  |4 0  |6 519_760000000000000_BEN_1981  |7 0  |8 A  |9 321318  |a BIBMAT  |b BIBMAT  |d 2019-11-20  |i 134501K  |o 519.76 BEN 1981  |p 134501K  |r 2025-01-07  |w 2019-11-20  |y BK  |k MAT